PRESCOTT'S MICROBIOLOGY (Record no. 216231)

MARC details
000 -LEADER
fixed length control field 00461nam a22001817a 4500
008 - FIXED-LENGTH DATA ELEMENTS--GENERAL INFORMATION
fixed length control field 251120b |||||||| |||| 00| 0 eng d
020 ## - INTERNATIONAL STANDARD BOOK NUMBER
International Standard Book Number 978-981-3151-26-0
100 ## - MAIN ENTRY--PERSONAL NAME
Personal name WILLEY, JOANNE M.
245 ## - TITLE STATEMENT
Title PRESCOTT'S MICROBIOLOGY
250 ## - EDITION STATEMENT
Edition statement 10TH ED
260 ## - PUBLICATION, DISTRIBUTION, ETC.
Place of publication, distribution, etc. NEWYORK
Name of publisher, distributor, etc. MCGRAW HILL
Date of publication, distribution, etc. 2017
300 ## - PHYSICAL DESCRIPTION
Extent XXII, 980P.
500 ## - GENERAL NOTE
General note INCLUDES INDEX
650 ## - SUBJECT ADDED ENTRY
Topical term or geographic name entry element 1. MICROBIOLOGY
700 ## - ADDED ENTRY--PERSONAL NAME
Personal name SHERWOOD, LINDA
942 ## - ADDED ENTRY ELEMENTS (KOHA)
Source of classification or shelving scheme Library of Congress Classification
Koha item type Long Loan Book
Holdings
Withdrawn status Lost status Source of classification or shelving scheme Damaged status Not for loan Collection Home library Current library Shelving location Date acquired Inventory number Total checkouts Full call number Barcode Date last seen Copy number Price effective from Koha item type
    Library of Congress Classification     Science & Technology Kisii University Library Kisii University Library On Display 11/20/2025 109891   QR 41.2 .W55 2017 000000002562 11/20/2025 C.1 11/20/2025 Long Loan Book
    Library of Congress Classification     Science & Technology Kisii University Library Kisii University Library On Display 11/20/2025 109892   QR 41.2 .W55 2017 000000002561 11/20/2025 C.2 11/20/2025 Long Loan Book
    Library of Congress Classification     Science & Technology Kisii University Library Kisii University Library On Display 11/20/2025 109893   QR 41.2 .W55 2017 000000000719 11/20/2025 C.3 11/20/2025 Long Loan Book
    Library of Congress Classification     Science & Technology Kisii University Library Kisii University Library On Display 11/20/2025 109894   QR 41.2 .W55 2017 000000000718 11/20/2025 C.4 11/20/2025 Long Loan Book